000 00682nam a22001937a 4500
999 _c177853
_d177853
005 20210308145933.0
010 _aUR-11050
020 _c164.00
_a-
035 _aU-9605
037 _bDBAD/PUB
082 _a841
100 _aا لحا ج سید عبيد ا للہ ہا شمی
245 _aخمخا نہء خيا م
_cا لحا ج سید عبيد ا للہ ہا شمی
246 _bKhamKhana-e-Khayyam (Urdu)
_aby Alhaj Syed Obaidullah Hashmi
260 _aDelhi
_c2020 ء
_bEducational Publishing House
270 _aB.O. 3191,Vakil Street, Kucha Pandit,Lal Kuan,
_bDelhi
_e110006
_l-
300 _a264ص
_c22 Cm(Hb)
942 _2ddc
_cUR
_h841
_mہ ا ش